000 nam a22 7a 4500
999 _c9544
_d9544
008 180205b ||||| |||| 00| 0 eng d
100 _aManku, A V
_95709
245 _aTogether with our Environment -I
260 _aNew Delhi
_bRachna Sagar Publication
_c2008